000 00460nam a2200181Ia 4500
008 230711s9999||||xx |||||||||||||| ||und||
020 _a978-1-4051-5153-5
041 _aENG
082 _a615.1
_bGR-P
100 _aGriffin,John P
245 4 _aThe textbook of pharmaceutical medicine
250 _a5th Ed.
260 _c2006
_aNew Delhi
_bNew Age International Publishers
300 _a870p.
650 _aPharmacy
700 _aO'Grady,John
942 _cBK
999 _c7105
_d7105